|
|
|
|
| LEADER |
00000nam0a2200000 4500 |
| 001 |
209679 |
| 005 |
20231101225547.0 |
| 010 |
|
|
|a 9785459010183
|
| 035 |
|
|
|a (RuTPU)RU\TPU\book\229019
|
| 090 |
|
|
|a 209679
|
| 100 |
|
|
|a 20120215d2012 km y0rusy50 ca
|
| 101 |
0 |
|
|a rus
|
| 102 |
|
|
|a RU
|
| 105 |
|
|
|a a z 000zy
|
| 200 |
1 |
|
|a Рекламное агентство: с чего начать, как преуспеть. Советы владельцам и управляющим
|f В. А. Голованов
|
| 210 |
|
|
|a СПб.
|c Питер
|d 2012
|
| 215 |
|
|
|a 254 с.
|c ил.
|
| 225 |
1 |
|
|a С чего начать. Как преуспеть
|
| 330 |
|
|
|a Как открыть рекламное агентство и преуспеть? Из книги вы узнаете, как открыть рекламную компанию и организовать высокоэффективный отдел продаж в любом городе с минимальными рисками, вообще не обладая ни опытом, ни знаниями, ни связями, ни первоначальным капиталом. В издании подробно описано, как грамотно выбрать и протестировать идею рекламного носителя или услуги, как просчитать возможные доходы и расходы, срок окупаемости и прибыль, как зарегистрировать фирму, где брать клиентов, как вести активные продажи, как и где нанимать и обучать менеджеров продаж, как их контролировать и мотивировать. Весь материал построен на основе непосредственного многолетнего практического опыта автора, изложен в легкой форме в виде пошаговых инструкций, рекомендаций и домашних заданий. Для роста вашего бизнеса рассматриваются ключевые вопросы увеличения прибыли, делегирования задач и автоматизации, чтобы бизнес работал с минимальным вашим участием. Даются ссылки на дополнительные материалы по теме. Книга станет настольной для начинающих предпринимателей, рекламных агентств и фирм, занимающихся активными продажами в секторе В2С, которые найдут в ней много полезных приемов и фишек для ведения своего бизнеса.
|
| 606 |
1 |
|
|a Реклама
|x История
|y Россия
|z 19-20 в. в.
|2 stltpush
|3 (RuTPU)RU\TPU\subj\68299
|9 83727
|
| 606 |
1 |
|
|a Реклама
|2 stltpush
|3 (RuTPU)RU\TPU\subj\24860
|9 49135
|
| 610 |
1 |
|
|a рекламный бизнес
|
| 610 |
1 |
|
|a рекламные агентства
|
| 610 |
1 |
|
|a рекламные услуги
|
| 610 |
1 |
|
|a рекламные носители
|
| 610 |
1 |
|
|a фирмы
|
| 610 |
1 |
|
|a регистрация
|
| 610 |
1 |
|
|a рекламодатели
|
| 610 |
1 |
|
|a клиенты
|
| 610 |
1 |
|
|a договоры
|
| 610 |
1 |
|
|a переговоры
|
| 610 |
1 |
|
|a менеджеры
|
| 610 |
1 |
|
|a продажи
|
| 610 |
1 |
|
|a заработная плата
|
| 610 |
1 |
|
|a режим работы
|
| 610 |
1 |
|
|a обучение
|
| 610 |
1 |
|
|a мотивация
|
| 610 |
1 |
|
|a тиражи
|
| 610 |
1 |
|
|a распространение
|
| 610 |
1 |
|
|a автоматизация
|
| 610 |
1 |
|
|a персонал
|
| 610 |
1 |
|
|a отчетность
|
| 610 |
1 |
|
|a прибыль
|
| 675 |
|
|
|a 659(075.8)
|v 3
|
| 700 |
|
1 |
|a Голованов
|b В. А.
|g Василий Анатольевич
|
| 801 |
|
1 |
|a RU
|b 63413507
|c 20120215
|
| 801 |
|
2 |
|a RU
|b 63413507
|c 20120604
|g RCR
|
| 900 |
|
|
|a Рекламное дело
|
| 942 |
|
|
|c BK
|
| 959 |
|
|
|a 29/20120215
|d 1
|e 210,00
|f ЧЗГЛ:1
|